000 01362cam a2200421 i 4500
001 51177
005 20230410105328.0
008 781002s1979 ilu b 001 0 eng
010 _a 78023376
035 _a(OCoLC)ocm04494112
040 _aDLC
_cDLC
_dBAKER
_dNLGGC
_dBTCTA
_dLVB
020 _a0226365425
020 _a9780226365428
029 1 _aNLGGC
_b785403752
029 1 _aNZ1
_b2849756
035 _a(OCoLC)4494112
043 _an-us---
050 1 4 _aLA210
_b.H93
082 0 0 _a370.11/0973
084 _a80.45
_2bcl
084 _a81.40
_2bcl
050 1 4 _aH 992 1979
100 1 _aHyman, Herbert Hiram,
_d1918-
245 1 0 _aEducation's lasting influence on values /
_cHerbert H. Hyman & Charles R. Wright.
260 _aChicago :
_bUniversity of Chicago Press,
_c1979.
300 _aix, 161 p. :
_c24 cm.
504 _aIncludes bibliographical references and index.
650 0 _aEducation
_zAims and objectives
_zUnited States.
650 0 _aMoral education
_zUnited States.
650 6 _aâEducation
_xFinalitâes
_zâEtats-Unis.
650 6 _aâEducation morale
_zâEtats-Unis.
700 1 _aWright, Charles Robert,
_d1927-
938 _aBaker & Taylor
_bBKTY
_c19.50
_d19.50
_i0226365425
_n0000410411
_sactive
938 _aBaker and Taylor
_bBTCP
_n78023376 //r96
942 _2lcc
_cbk
946 _aclperez
994 _aC0
_bDRFGD
999 _c34507
_d34507